000 00457nam a22001217a 4500
999 _c18783
_d18783
008 210211b xxu||||| |||| 00| 0 eng d
050 _aGMB0227
_b.R66 2018 c.1
100 _aRono, Lucy
245 _aEffects of board structure on organization performance
_ba case study of all the listed organizations in the Nairobi securities exchange
_cLucy Rono
260 _aKabarak, Nakuru, Kenya
_bKabarak University
_c2018
300 _a64 leaves
942 _2lcc
_cTHE